| 000 | 00873nam a2200241 i 4500 | ||
|---|---|---|---|
| 001 | 123766 | ||
| 003 | ES-MaACL | ||
| 005 | 20251001143240.0 | ||
| 007 | t| | ||
| 008 | 070214s1960 sp r ||||1| spa d | ||
| 080 | _a821.134.2-32"19" | ||
| 080 | _a663.21(0:82) | ||
| 100 | 0 |
_aQuiñones, Fernando, _d1930-1998 _994750 |
|
| 245 | 1 | 0 |
_aCinco historias del vino / _cFernando Quiñones ; carta al fabulador de José María Pemán ; dibujo de Francisco Moreno Galván. |
| 260 |
_aMadrid : _bEl Caballo y la Mar, _c1960. |
||
| 300 |
_a85 p. : _bil. ; _c23 cm. |
||
| 586 | _aI Premio de Prosa en las XII Fiestas de la Vendimia y Jerezana | ||
| 650 | 4 |
_aVinos- _vCuentos. _9161500 |
|
| 700 | 1 |
_aPemán, José María, _d1897-1981 _990130 |
|
| 700 | 1 |
_aMoreno Galván, Francisco, _d1925-1999 _9173701 |
|
| 852 | 4 |
_aES-MaACL _jC-18384 |
|
| 999 |
_c123766 _d123766 |
||